000 01494nam a22003017a 4500
001 BRCA_9312
003 FranzMayer
005 20230918115300.0
008 230816b |||||||| |||| 00| 0 eng d
020 _a8870383881
040 _aMFM
_besp
_cMFM
050 0 _aNK4315.I8
_bC46 2002
110 _4Responsable
_aCentro Di
_929023
240 _aSiglos de oro de la mayólica
_hObras de arte de la Galería Nacional de arte antiguo de Roma
_lita/esp
245 1 _aSiglos de oro de la mayólica
_bObras de arte de la Galería Nacional de arte antiguo de Roma
260 _aRoma, Italia
_bCentro Di
_c2002
300 _a83 p.
_bIlustraciones a color
_c20 cm.
500 _aAnexo 1
505 _aTexto en: Italiano y españolIncluye índice temáticoIncluye prefacioDirigido a: historiadores, artistas, museógrafos u otra persona interesada en la historia del arte
630 _lItaliano
_tI secoli d'oo della maiolica. Capolavori dalla galleria Nazionale d'arte antica di Roma
_929024
650 1 _2Artes decorativas
_aArtes aplicativas
_vDecoración y ornamentación
_929025
651 2 _2Otras artes y artes industriales
_aMayólica
_vMayólica en el Italia antiguo
_929026
710 _4Col.
_aMinistero degli Affari Esteri
_929027
710 _4Col.
_aMinistero peri Beni e le Attivita Culturali
_929028
710 _4Col.
_aSoprintendenza speciale per il Polo Museale romano
_929029
710 _4Col.
_aGallería Nazionale d'arte antica di Palazzo Barberini
_929030
942 _2lcc
_cB
999 _c10934
_d10934